Villes de Côte-d'Or en images - Statistiques

Statistiques générales
  • Ce quiz a été pris 71 fois
  • Le résultat moyen est 7 sur 18
Statistiques - réponses
Par images Hint Réponse % Correct
D Dijon
100%
B Beaune
98%
E Epoisses
62%
A Alise-Sainte-Reine
60%
M Montbard
60%
S Semur-en-Auxois
57%
I Is-sur-Tille
44%
N Nuit-Saint-Georges
44%
V Vougeot
38%
A Arc-sur-Tille
32%
A Auxonne
32%
C Châtillon-sur-Seine
24%
F Fontaine-lès-Dijon
21%
P Pouilly-en-Auxois
21%
M Meursault
17%
M Mirebeau-sur-Bèze
13%
P Pommard
13%
S Saint-Nicolas-lès-Cîteaux
6%
Aucun quiz correspondant
Distribution des résultats
% des personnes avec chaque résultat
Percentile par nombre de réponses
Votre historique - résultats
Vous n’avez pas pris ce quiz